| 000 | 00538nam a22001937a 4500 | ||
|---|---|---|---|
| 005 | 20240308151041.0 | ||
| 008 | 240308b |||||||| |||| 00| 0 eng d | ||
| 020 | _a9781305110540 | ||
| 082 |
_a794.815 _bMEN-G |
||
| 100 | _aMenard, Michelle | ||
| 245 |
_aGame development with unity / _cBaryan Wagstaff |
||
| 250 | _a2nd ed. | ||
| 260 |
_aindia: _bCengage Learning; _c2015. |
||
| 300 |
_axx, 444 p. : _bill, _c23 cm. |
||
| 500 | _aInclude index. | ||
| 650 | _acomputer science/programming | ||
| 700 | _aBaryan Wagstaff | ||
| 999 |
_c35293 _d35293 |
||